| 000 | 00817cam a2200241 4500 | ||
|---|---|---|---|
| 001 | J3766 | ||
| 008 | 090401t1996 xxu||||| |||| 00| 0 eng d | ||
| 035 | _a(Sirsi) u56867 | ||
| 041 | _aeng | ||
| 050 | _a692.5 | ||
| 110 |
_aBuilding Cost Information Service _91096 |
||
| 245 | _aCost trends [wall chart] 1996. | ||
| 260 |
_aKingston upon Thames _bBuilding Cost Information Service _c1996 |
||
| 300 | _a1 wall chart : col. ; 65x50cm. | ||
| 350 | _a7.5 | ||
| 520 | _aThis item is part of a subscription service and cannot be photocopied. Please contact BCIS direct on 0171-222-7000 for details. | ||
| 650 | _aBUILT ENVIRONMENT-BUILDING COSTS | ||
| 650 | _aWALL CHARTS | ||
| 690 | _aBUILT ENVIRONMENT-BUILDING COSTS | ||
| 710 |
_aBuilding Maintenance Information _93229 |
||
| 942 | _n0 | ||
| 948 | _c04/03/1997 | ||
| 999 |
_c93846 _d93846 |
||